000 00722nam a22002057a 4500
999 _c5836
_d5836
003 AR-CdUCM
008 190313b ||||| |||| 00| 0 spa d
040 _aMUNICIPALIDAD PROVINCIAL DEL CUSCO
_cBIBLIOTECA MUNICIPAL DEL CUSCO
082 _22ed.
_a869.634 /
_bAR68
100 _aArciniegas, Germàn
_910801
245 _aLos comuneros /
260 _aSantiago de Chile :
_bZig-Zag,
_c1967.
300 _a235 paginas ;
_c20.5 cm.
505 _aLos reyes -- Los virreyes -- El visitador regente -- Don Antonio el arzobispo -- Los indios -- Notas sobre la luz y el color -- El socorro ...
650 _aLiteratura colombiana
_98673
650 _aNovela
_95
650 _aSiglo XX.
_98
942 _2ddc
_cLIBROS
945 _aacv